000 00636nam a2200217 4500
003 OSt
005 20240619065503.0
006 a
008 240619b |||||||| |||| 00| 0 eng d
020 _a9789812533491
040 _aDWCL-Main lib.
_cOC
082 _aCirc. 657.3 D923f 2012
100 _aDunn, John
245 _aFinancial reporting and analysis /
260 _aU. K. :
_bJohn Wiley & Sons,
_cc2012.
300 _axii,
_b380 p. : ill. ;
_c23 cm.
504 _aIncludes bibliographical references & index.
650 _a1. Financial statements.
650 _a2. Corporations–Accounting.
942 _2ddc
_n0
_cBK-CIRC
_kCirc.
999 _c900
_d900